000 00322nam a2200133Ia 4500
008 240624s9999 xx 000 0 und d
041 _aeng
082 _a005.7575 ABB
100 _aABBEY MICHAEL
245 _aORACLE9I A BEGINNERS GUIDE
260 _c2002
_aNew Delhi
_bTata McGrawhill
300 _axxiv, : 515
365 _cRS
999 _c628
_d628